A Facebook ás az Instagram reklámozási hatásai az FMCG szektorban

Bibliographic Details
Main Author: Kormányos Péter Dávid
Other Authors: Harsányi Dr. Dávid
Format: Thesis
Kulcsszavak:FMCG
Közösségi média
Facebook
Instagram
Online marketing
Online Access:http://dolgozattar.uni-bge.hu/414

MARC

LEADER 00000nta a2200000 i 4500
001 dolg414
005 20151111100751.0
008 150305suuuu hu om 000 hun d
040 |a BGE Dolgozattár Repozitórium  |b hun 
041 |a hu 
100 1 |a Kormányos Péter Dávid 
245 1 2 |a A Facebook ás az Instagram reklámozási hatásai az FMCG szektorban  |c Kormányos Péter Dávid  |h [elektronikus dokumentum] 
246 1 1 |a A FACEBOOK ÉS AZ INSTAGRAM REKLÁMOZÁSI HATÁSAI AZ FMCG SZEKTORBAN 
246 1 1 |a The advertising impacts of Facebook and Instagram in the FMCG industry 
695 |a FMCG 
695 |a Közösségi média 
695 |a Facebook 
695 |a Instagram 
695 |a Online marketing 
700 1 |a Harsányi Dr. Dávid  |e ths 
856 4 0 |u http://dolgozattar.uni-bge.hu/414/1/Szakdolgozat_Korm%C3%A1nyosP.pdf  |z Dokumentum-elérés